| 000 | 00695cam a2200241ua 4500 | ||
|---|---|---|---|
| 005 | 20230829142837.0 | ||
| 008 | 180404n ii |||gr||||Z||||||asm | ||
| 020 | _a9789381784518 | ||
| 040 |
_cMAIN _aIN-DiNC |
||
| 041 | _dasm | ||
| 082 |
_a370.54 _bCHA |
||
| 100 |
_aChaliha, Beda Kumar, _eauthor |
||
| 245 |
_aSwadhinuttar kalor bharatar shiksha/ _cBy Beda Kumar Chaliha |
||
| 250 | _a6th ed. | ||
| 260 |
_aJorhat: _bBidya bhawan, _c2016. |
||
| 300 | _a196p. | ||
| 650 | _a Measurement and evaluation in education | ||
| 653 | _aEducation | ||
| 653 | _aSwadhinuttar kalor bharatar shiksha | ||
| 700 |
_aSaikia, Tarun, _eauthor |
||
| 700 |
_aSaikia, Runu Bora, _eauthor |
||
| 942 |
_cBK _2ddc |
||
| 999 |
_c9324 _d9324 |
||